| 000 | 00595nam a2200193 a 4500 | ||
|---|---|---|---|
| 001 | 000047809 | ||
| 005 | 20240305141039.0 | ||
| 008 | 180810s2015 dr a 000 0 spa d | ||
| 020 | _a9789945588248 | ||
| 040 |
_aDO-SdBNP _bspa _cBNPHU |
||
| 082 |
_axxxx _bG146v |
||
| 100 | 1 |
_aGalán, Bismar, _d1961- _91490 |
|
| 245 | 1 | 0 |
_aVersos del mar. / _cBismar Galán. |
| 260 |
_aSanto Domingo, : _bEdiciones Ferilibro _bEdiciones Muñequitos, _c2015. |
||
| 300 |
_a19 p. : _bil. ; _c28 cm. |
||
| 490 | 1 | _aLecturas que dibujan : | |
| 590 | _aInventariado, 2019/ YL | ||
| 830 | 0 |
_aLecturas que dibujan _974376 |
|
| 999 |
_c47297 _d47297 |
||